The Ultimate India Quiz Book / (Record no. 350)

000 -LEADER
fixed length control field 00485nam a2200157Ia 4500
008 - FIXED-LENGTH DATA ELEMENTS--GENERAL INFORMATION
fixed length control field 190805s9999||||xx |||||||||||||| ||und||
020 ## - INTERNATIONAL STANDARD BOOK NUMBER
International Standard Book Number 9780143102076
Terms of availability Rs. 350.00
082 04 - DEWEY DECIMAL CLASSIFICATION NUMBER
Classification number 793.73
Item number Ob63
100 1# - MAIN ENTRY--PERSONAL NAME
Personal name O'Brien, Derek
245 14 - TITLE STATEMENT
Title The Ultimate India Quiz Book /
260 ## - PUBLICATION, DISTRIBUTION, ETC. (IMPRINT)
Place of publication, distribution, etc Haryana :
Name of publisher, distributor, etc Penguin Random House India,
Date of publication, distribution, etc 2007
300 ## - PHYSICAL DESCRIPTION
Extent vi, 273 p.
Other physical details :
Dimensions ; 20 cm.
650 #0 - SUBJECT ADDED ENTRY--TOPICAL TERM
Topical term or geographic name as entry element Questions and answers
General subdivision Juvenile literature
852 ## - LOCATION/CALL NUMBER
Location
942 ## - ADDED ENTRY ELEMENTS (KOHA)
Item type Books
Holdings
Withdrawn status Lost status Damaged status Not for loan Collection code Permanent location Current location Shelving location Date acquired Source of acquisition Cost, normal purchase price Full call number Barcode Date last seen Koha item type Public note
        Non-fiction IMU Kochi Library IMU Kochi Library Fiction & General 2018-07-20 Green Books 350.00 793.73 Ob63 BK005271 2019-08-05 Books Shelf-19, Row-1


Copyright © All Rights Reserved by Indian Maritime University, Kochi Campus.
For any Suggestions/Query Contact to library or Email: library.kochi@imu.ac.in Ph:(0484)-2989402
(Web OPAC Designed by Rudra Ranjan. Maintained by IMU Kochi Library)

Powered by Koha